| 000 | 00620nam a2200181Ia 4500 | ||
|---|---|---|---|
| 008 | 090124s9999 xx 000 0 und d | ||
| 082 | _b117482 | ||
| 100 | _aगाताडे प्रभाकर | ||
| 245 | _a" चिट्टी,चिट्टी,बँग बँग !" | ||
| 250 | _a1 | ||
| 260 | _c1978 | ||
| 300 | _a88 | ||
| 600 | _aगाताडे प्रभाकर | ||
| 630 | _a" चिट्टी,चिट्टी,बँग बँग !" | ||
| 700 | _aगाताडे प्रभाकर | ||
| 730 | _a" चिट्टी,चिट्टी,बँग बँग !" | ||
| 942 | _cBOOK | ||
| 999 |
_c163569 _d163569 |
||